El seseo en el Nuevo Reino de Granada, 1550-1650 /

Bibliographic Details
Main Author: Cock Hincapié, Olga
Format: Book
Language:Spanish
Published: Bogota, [publisher not identified] ; 1969.
Series:Publicaciones del Instituto Caro y Cuervo ; 26.
Subjects:

MARC

Tag First Indicator Second Indicator Subfields
LEADER 00000cam a2200000 4500
001 in00000200345
005 20151009055502.0
008 751231s1969 ck 00000 spa
010 |a  74469178  
035 |a (OCoLC)01908311 
035 |9 AAX0991AM 
040 |a DLC  |c FGM  |d FGM  |d TXA  |d UtOrBLW 
049 |a TXAM  |c [485110] 
090 |a PC4165  |b .C6 
100 1 |a Cock Hincapié, Olga. 
245 1 3 |a El seseo en el Nuevo Reino de Granada, 1550-1650 /  |c Prologo de Guillermo L. Guitarte. 
264 1 |a Bogota,  |b [publisher not identified] ;  |c 1969. 
300 |a 170 pages ;  |c 24 cm. 
336 |a text  |b txt  |2 rdacontent 
337 |a unmediated  |b n  |2 rdamedia 
338 |a volume  |b nc  |2 rdacarrier 
490 0 |a Publicaciones del Instituto Caro y Cuervo, 26 
504 |a Bibliography: pages [144]-151. 
650 0 |a Spanish language  |x Consonants. 
650 0 |a Spanish language  |x Pronunciation. 
830 0 |a Publicaciones del Instituto Caro y Cuervo ;  |v 26. 
999 |a MARS 
999 f f |s 0c5affd0-f527-31f6-926b-0541d36ec550  |i 698d470f-8cca-34b8-bab1-8a90fa263093  |t 0 
952 f f |p ric  |a Texas A&M University  |b Rellis Campus  |c Joint Library Facility  |s JLF  |d Remote Storage  |t 0  |e PC4165 .C6  |h Library of Congress classification  |i unmediated -- volume  |m A14803570970 
998 f f |a PC4165 .C6  |t 0  |l Remote Storage